Loading...
| Current Events | 1 | 0.00 | 0% | 0% | 0% |
| Fine Arts - Classical Music | 2 | 10.00 | 50% | 50% | 0% |
| Fine Arts - Other Fine Arts | 1 | 10.00 | 100% | 0% | 0% |
| Fine Arts - Painting and Sculpture | 1 | 10.00 | 100% | 0% | 0% |
| History - American History | 2 | 10.00 | 100% | 0% | 0% |
| History - European History | 1 | 0.00 | 0% | 0% | 0% |
| History - Other History | 2 | 5.00 | 50% | 0% | 0% |
| History - World History | 3 | 6.67 | 67% | 0% | 0% |
| Literature - British Literature | 2 | 0.00 | 0% | 0% | 0% |
| Literature - European Literature | 2 | 5.00 | 50% | 0% | 0% |
| Literature - World Literature | 2 | 20.00 | 100% | 100% | 0% |
| Mythology | 3 | 13.33 | 100% | 33% | 0% |
| Other Academic | 1 | 10.00 | 0% | 100% | 0% |
| Philosophy | 3 | 6.67 | 67% | 0% | 0% |
| Religion | 1 | 20.00 | 100% | 100% | 0% |
| Science - Biology | 2 | 10.00 | 100% | 0% | 0% |
| Science - Chemistry | 3 | 0.00 | 0% | 0% | 0% |
| Science - Other Science | 1 | 0.00 | 0% | 0% | 0% |
| Science - Physics | 3 | 6.67 | 67% | 0% | 0% |
| Social Science | 4 | 12.50 | 100% | 25% | 0% |